00723nam a2200229 a 4500001001300000003000900013005001700022008004100039020002300080082001400103100002400117245007300141260003200214500003500246505001400281650001300295700002400308902000800332942000700340952012900347999001700476nice12345678IN_TiNIC20260116014958.0100921s1976 bosa grp 000 0 eng  a0807011223 c10000a230bADA1 aAdams, James Luther aOn Being Human Religiouslyb Selected Essays in Religion and Society aBostonbBeacon Press c1976 aincludes index and biblioraphy2 aIndex257p aTheology1 aAdams, James Luther bSRS cBK 001040708StackRoom-aHMIbHMId2010-09-21g100.00l1o230 ADA1p11001987r2022-07-05s2022-07-01v100.00w2010-09-21yBK c17809d17809